MFTI 2006 : Malaysia Furniture Trade Industry.
| Format: | Book |
|---|---|
| Published: |
Puchong,Selangor:
M One Trade Media,
2006.
|
| Subjects: |
| LEADER | 00508cam a2200145 7i4500 | ||
|---|---|---|---|
| 001 | 0000017441 | ||
| 005 | 20060515090000.0 | ||
| 090 | 0 | 0 | |a M 684.1025 |b MAL |
| 245 | 0 | 0 | |a MFTI 2006 : |b Malaysia Furniture Trade Industry. |
| 260 | 0 | 0 | |a Puchong,Selangor: |b M One Trade Media, |c 2006. |
| 300 | # | # | |a 299p. |
| 650 | 0 | 0 | |a Furniture -- |x Exhibitions -- |x Directories -- |z Malaysia |
| 651 | 0 | 0 | |a Malaysia |
| 999 | |a SRW000022H |b Directories |c Malaysia |e MATRADE Sarawak | ||
| 999 | |a PNG000476H |b Directories |c Malaysia |e Business Information Centre | ||